Instrucción sobre el bautismo de los niños
Guardat en:
| Autor corporatiu: | |
|---|---|
| Format: | Llibre |
| Idioma: | espanyol |
| Publicat: |
Ciudad del Vaticano
Sagrada Congregación para la Doctrina de la Fe
1990
|
| Matèries: | |
| Etiquetes: |
Afegir etiqueta
Sense etiquetes, Sigues el primer a etiquetar aquest registre!
|
MARC
| LEADER | 00000nam a2200000 a 4500 | ||
|---|---|---|---|
| 001 | UCX8024 | ||
| 003 | CL-VaPUC | ||
| 008 | 940120e19900000VC |||||||||||||||||spa|d | ||
| 082 | 0 | 4 | |a 234.161 |b SAG |2 21 |
| 110 | 2 | |a Sagrada Congregación para la Doctrina de la Fe |e author |9 325026 | |
| 245 | 1 | 0 | |a Instrucción sobre el bautismo de los niños |
| 300 | |a 16 p | ||
| 942 | |c BK | ||
| 945 | |d 19940120 00:00:00 |a rbrito | ||
| 260 | |a Ciudad del Vaticano |b Sagrada Congregación para la Doctrina de la Fe |c 1990 | ||
| 600 | 0 | |a Iglesia católica |9 255129 | |
| 650 | 0 | |a Bautismo |9 314393 | |
| 583 | |a last modification |c 19940120 00:00:00 |k Rodrigo Vera | ||
| 999 | |c 227657 |d 227655 | ||
| 952 | |0 0 |1 0 |4 0 |6 234_161000000000000_SAG_1990 |7 0 |8 A |9 226819 |a BIBEDU |b BIBEDU |d 2019-11-15 |i 3000702 |o 234.161 SAG 1990 |p 3000702 |r 2019-11-15 |w 2019-11-15 |y BK |k EDU | ||